书目信息 |
| 题名: |
禽、蛋、奶类美食品
|
|
| 作者: | 李惠娟 , 齐朝晖 编 | |
| 分册: | ||
| 出版信息: | 北京 科学出版社 2000 |
|
| 页数: | 244页 | |
| 开本: | 32开 | |
| 丛书名: | ||
| 单 册: | ||
| 中图分类: | TS2 | |
| 科图分类: | ||
| 主题词: | 食品工业 | |
| 电子资源: | ||
| ISBN: | 7-03-007755-5 | |
| 000 | 00581nam0 2200205 45 | |
| 001 | 0012021566 | |
| 005 | 20001202155145.0 | |
| 010 | @a7-03-007755-5@d10.00元 | |
| 100 | @a20001202d2000 km y0chiy0120 ea | |
| 101 | 0 | @achi |
| 105 | @a z 000yy | |
| 200 | 1 | @a禽、蛋、奶类美食品@AQin、Dan、Nai Lei Mei Shi Pin@f李惠娟,齐朝晖编@FLi Hui Juan,Qi Zhao Hui Bian |
| 210 | @a北京@c科学出版社@d2000 | |
| 215 | @a244页@d32开 | |
| 606 | 0 | @a食品工业 |
| 690 | @aTS2@v3 | |
| 701 | 0 | @a李惠娟@4编 |
| 701 | 0 | @a齐朝晖@4编 |
| 801 | @aCN@bPftUser@c20001202 | |
| 905 | @b510067-071@dTS2@eL346@f5 | |
| 禽、蛋、奶类美食品/李惠娟,齐朝晖编.-北京:科学出版社,2000 |
| 244页;32开 |
| ISBN 7-03-007755-5:10.00元 |
| ● |
| 相关链接 |
|
|
|
正题名:禽、蛋、奶类美食品
索取号:TS2/L346
 
预约/预借
| 序号 | 登录号 | 条形码 | 馆藏地/架位号 | 状态 | 备注 |
| 1 | 510067 | 205100674 | 自科二线504/110考试书库 4排1列2层/ [索取号:TS2/L346] | 在馆 | |
| 2 | 510068 | 205100683 | 自科二线504/110考试书库 4排1列2层/ [索取号:TS2/L346] | 在馆 | |
| 3 | 510069 | 205100692 | 自科二线504/110考试书库 4排1列2层/ [索取号:TS2/L346] | 在馆 | |
| 4 | 510070 | 205100709 | 自科二线504/110考试书库 4排1列2层/ [索取号:TS2/L346] | 在馆 | |
| 5 | 510071 | 205100718 | 自科二线504/110考试书库 4排1列2层/ [索取号:TS2/L346] | 在馆 |